000 00689nas a2200241 4500
001 BR8807557
003 BR-BrBNA
005 20231205091415.0
007 ta
008 230509b bl.|||p| |||| 00| 00por d
040 _aBR-BrBNA
_bpor
_cBiblioteca Nacional de Agricultura
041 _a(Pt)
072 _aL72
100 1 _aSato, G.
245 1 _aPeixes predadores de larvas de simulideos
650 _aPEIXE DE AGUA DOCE
650 _aPREDADOR
650 _aBORRACHUDO
650 _aCONTROLE BIOLOGICO
773 0 _tAgropecuaria Catarinense (Brazil)
_xISSN 0103-0799
_g(Jun 1988), v. 1(2) p. 36-37
_wBR8807557
909 _a202311
_bLúcia
_c55
_dLúcia Elande
942 _2AGRIS
_n0
_cANA
999 _c124869
_d124869